Las enseñanzas secretas de Jesús (Record no. 189129)

MARC details
000 -LEADER
campo de control de longitud fija 01211nam a2200289 i 4500
001 - NÚMERO DE CONTROL
campo de control 189129
003 - IDENTIFICADOR DE NÚMERO DE CONTROL
campo de control SpMaBN
005 - FECHA Y HORA DE LA ÚLTIMA TRANSACCIÓN
campo de control 20230906223404.0
008 - DATOS DE LONGITUD FIJA--INFORMACIÓN GENERAL
campo de control de longitud fija 190403s1988 sp |||| | spa d
020 ## - NÚMERO INTERNACIONAL ESTÁNDAR DEL LIBRO
Número Internacional Estándar del Libro 84-7423-290-2
080 ## - NÚMERO DE LA CLASIFICACIÓN DECIMAL UNIVERSAL
Número de la Clasificación Decimal Universal 232.99
245 04 - MENCIÓN DEL TÍTULO
Título Las enseñanzas secretas de Jesús
Resto del título : cuatro evangelios gnósticos /
Mención de responsabilidad, etc. Marvin W. Meyer, ed. ; traducción castellana de Jordi Beltrán.
250 ## - MENCION DE EDICION
Mención de edición 2ª ed.
260 ## - PUBLICACIÓN, DISTRIBUCIÓN, ETC.
Lugar de publicación, distribución, etc. Barcelona :
Nombre del editor, distribuidor, etc. Crítica,
Fecha de publicación, distribución, etc. 1988.
300 ## - DESCRIPCIÓN FÍSICA
Extensión 166 p. ;
Dimensiones 20 cm.
490 1# - MENCIÓN DE SERIE
Mención de serie Serie general ;
Designación de volumen o secuencia 158.
Mención de serie Estudios y ensayos
504 ## - NOTA DE BIBLIOGRAFÍA, ETC.
Nota de bibliografía, etc. Bibliografía: p. 159-166.
505 8# - NOTA DE CONTENIDO CON FORMATO
Nota de contenido con formato Contiene: ;
Título El libro secreto de Jaime ;
-- El evangelio de Tomás o los dichos secretos de Jesús ;
-- El libro de Tomás o los dichos secretos del Salvador ;
-- El libro secreto de Juan
600 07 - PUNTO DE ACCESO ADICIONAL DE MATERIA--NOMBRE DE PERSONA
Nombre de persona Jesucristo-
Subdivisión general Enseñanzas.
9 (RLIN) 147809
630 07 - PUNTO DE ACCESO ADICIONAL DE MATERIA--TÍTULO UNIFORME
Título uniforme Biblia.
Nombre de parte o sección de la obra Apócrifos.
9 (RLIN) 119280
650 17 - PUNTO DE ACCESO ADICIONAL DE MATERIA--TÉRMINO DE MATERIA
Término de materia o nombre geográfico como elemento de entrada Gnosticismo.
9 (RLIN) 136192
700 1# - ENTRADA AGREGADA--NOMBRE PERSONAL
Nombre de persona Meyer, Marvin W.
9 (RLIN) 166766
700 1# - ENTRADA AGREGADA--NOMBRE PERSONAL
Nombre de persona Beltrán, Jordi (
Fechas asociadas al nombre 1941-)
9 (RLIN) 27364
830 0# - PUNTO DE ACCESO ADICIONAL DE SERIE-TÍTULO UNIFORME
Título uniforme Serie general ;
Designación de volumen o secuencia 158.
Título uniforme Estudios y ensayos
9 (RLIN) 181534
852 ## - LOCALIZACIÓN
Ubicación ES-MaACL
Número de control de estantería L-32291
Nota libre . - Donat. herederos de la bibl. de Mª del Pilar Costa Palacín
Holdings
Estatus retirado Estado de pérdida Estado de daño No para préstamo Biblioteca de origen Biblioteca actual Ubicación en estantería Fecha de adquisición Fuente de adquisición Total de préstamos Signatura topográfica completa Código de barras Visto por última vez Precio de reemplazo Tipo de ítem Koha
        Biblioteca del Ateneo de Madrid Biblioteca del Ateneo de Madrid Depósito 2 03/04/2019     L-32291 1200307 23/02/2023 23/02/2023 Libro impreso